| Tag |
First Indicator |
Second Indicator |
Subfields |
| LEADER |
00000cam a2200000 i 4500 |
| 001 |
in00003908721 |
| 005 |
20211120182554.0 |
| 006 |
m o d f |
| 007 |
cr mn||||||||| |
| 008 |
140929s1951 dcuabf ob f001 0 eng c |
| 035 |
|
|
|a (OCoLC)ocn891598758
|
| 040 |
|
|
|a COP
|b eng
|e rda
|e pn
|c COP
|d OCLCO
|d OCLCF
|d GPO
|d MvI
|d UtOrBLW
|
| 042 |
|
|
|a pcc
|
| 043 |
|
|
|a n-us-ak
|
| 049 |
|
|
|a WWW
|
| 074 |
|
|
|a 0624 (online)
|
| 086 |
0 |
|
|a I 19.16:236-B
|
| 100 |
1 |
|
|a Tappan, Helen Niña,
|d 1917-2004,
|e author.
|0 http://id.loc.gov/authorities/names/n80040280
|
| 245 |
1 |
0 |
|a Foraminifera from the Arctic slope of Alaska.
|n Part 2,
|p Jurassic foraminifera /
|c by Helen Tappan.
|
| 246 |
3 |
0 |
|a Jurassic foraminifera
|
| 264 |
|
1 |
|a Washington :
|b United States Department of the Interior, Geological Survey,
|c 1951.
|
| 300 |
|
|
|a 1 online resource (v, 90 pages, 22 pages of plates) :
|b illustrations, maps.
|
| 336 |
|
|
|a text
|b txt
|2 rdacontent
|
| 337 |
|
|
|a computer
|b c
|2 rdamedia
|
| 338 |
|
|
|a online resource
|b cr
|2 rdacarrier
|
| 490 |
1 |
|
|a Geological Survey professional paper ;
|v 236-B
|
| 500 |
|
|
|a Title from title screen (viewed September 29, 2014).
|
| 500 |
|
|
|a "Description and illustrations of Jurassic Foraminifera, including the first Liassic Foraminifera discovered in the Western Hemisphere."
|
| 500 |
|
|
|a "Prepared in cooperation with the U. S. Department of the Navy, Office of Naval Petroleum and Oil Shale Reserves."
|
| 504 |
|
|
|a Includes bibliographical references (pages 84-86) and index.
|
| 650 |
|
0 |
|a Foraminifera, Fossil.
|0 http://id.loc.gov/authorities/subjects/sh85050445
|
| 650 |
|
0 |
|a Paleontology
|y Triassic.
|0 http://id.loc.gov/authorities/subjects/sh85097149
|
| 650 |
|
0 |
|a Paleontology
|z Alaska.
|0 http://id.loc.gov/authorities/subjects/sh2010104901
|
| 650 |
|
7 |
|a Foraminifera, Fossil.
|2 fast
|0 (OCoLC)fst00931565
|
| 650 |
|
7 |
|a Paleontology.
|2 fast
|0 (OCoLC)fst01051513
|
| 650 |
|
7 |
|a Triassic Geologic Period.
|2 fast
|0 (OCoLC)fst01355169
|
| 651 |
|
7 |
|a Alaska.
|2 fast
|0 (OCoLC)fst01204480
|
| 648 |
|
7 |
|a From 190 to 230 million years ago
|2 fast
|
| 710 |
2 |
|
|a Geological Survey (U.S.),
|e issuing body.
|0 http://id.loc.gov/authorities/names/n80092173
|
| 710 |
1 |
|
|a United States.
|b Office of Naval Petroleum and Oil Shale Reserves.
|0 http://id.loc.gov/authorities/names/n83170618
|
| 776 |
0 |
8 |
|i Print version:
|a Tappan, Helen Niña, 1917-2004.
|t Foraminifera from the Arctic slope of Alaska
|w (DLC) 74604840
|w (OCoLC)66749
|
| 830 |
|
0 |
|a Geological Survey professional paper ;
|v 236-B.
|0 http://id.loc.gov/authorities/names/n42012105
|
| 856 |
4 |
0 |
|u https://purl.fdlp.gov/GPO/gpo84532
|t 0
|
| 999 |
f |
f |
|s bbd71dab-2a00-3003-a827-f4823c73aaf4
|i 84c1df95-a2db-3281-be20-dbf99831a2e1
|t 0
|
| 952 |
f |
f |
|a Texas A&M University
|b College Station
|c Electronic Resources
|d Available Online
|t 0
|e I 19.16:236-B
|h Superintendent of Documents classification
|
| 998 |
f |
f |
|a I 19.16:236-B
|t 0
|l Available Online
|